| 000 | 01123nam a2200241 a 4500 | ||
|---|---|---|---|
| 003 | BD-DhJNU | ||
| 005 | 20260419062211.0 | ||
| 008 | 260508s1983 bg |||g |||| 000 1|ben|d | ||
| 020 | _a9840759825 | ||
| 040 |
_aBD-DhJNU _bben _cBD-DhJNU _dBD-DhJNU |
||
| 041 | _aben | ||
| 082 |
_a954.025 BAB _223 |
||
| 245 | 1 | 0 |
_aবাবুরনামা দ্বিতীয় খণ্ড / _cপ্রিন্সিপাল ইবরাহীম খাঁ (অনুবাদক) |
| 246 | _aBaburnama, Vol. 2 | ||
| 250 | _a1st ed. | ||
| 260 |
_aঢাকা : _bবাংলা একাডেমি, _c1983. |
||
| 300 |
_a২২৮ পৃ. : _bচিত্র ; _c২২ সেমি.। |
||
| 504 | _aগ্রন্থপঞ্জিগত নির্দেশিকা ও নিঘন্ট অন্তভূক্ত | ||
| 650 | _aমুঘল সাম্রাজ্য -- ইতিহাস -- ১৬শ শতাব্দী। | ||
| 650 | _aMogul Empire -- History -- 16th century. | ||
| 700 | a |
_aখাঁ, প্রিন্সিপাল ইবরাহীম _eঅনুবাদক |
|
| 942 | _cBK | ||
| 999 |
_c2691 _d2691 |
||